Encyclopedia of Electrochemistry of the Elements Vol. XIII Organometallicl Compounds, Nitro Compounds, Nitroso Compounds, Azo, Azoxy, and Diazocompounds, Compounds with Three or More Nitrogen Atoms in a Chain Derivatives of Hydroxylamine and Hydrazine
Saved in:
| Format: | Book |
|---|---|
| Language: | English |
| Published: |
New York
Marcel Dekker
1979
|
| Subjects: | |
| Online Access: | View in OPAC |
| Tags: |
No Tags, Be the first to tag this record!
|
MARC
| LEADER | 00000nam a2200000 a 4500 | ||
|---|---|---|---|
| 005 | 20260127134313.0 | ||
| 008 | 090309 1979 xxu 000 0 eng d | ||
| 020 | |a 0824725131 | ||
| 035 | |a vtls009481291 | ||
| 039 | 9 | |a 201007071033 |b msnk88 |y 200903091013 |z mschk03 | |
| 040 | |a STUSCHK1 |b slo |c STUSCHK1 |e AACR2 | ||
| 245 | 1 | |a Encyclopedia of Electrochemistry of the Elements |n Vol. XIII |p Organometallicl Compounds, Nitro Compounds, Nitroso Compounds, Azo, Azoxy, and Diazocompounds, Compounds with Three or More Nitrogen Atoms in a Chain Derivatives of Hydroxylamine and Hydrazine |c editor Allen J. Bard | |
| 260 | |a New York |b Marcel Dekker |c 1979 | ||
| 300 | |a xii, 370 s. | ||
| 650 | 0 | |a elektrochemické elementy | |
| 650 | 0 | 7 | |a elektrochémia |
| 655 | 0 | |a encyklopédie | |
| 910 | |a SCHK95 | ||
| 919 | |a 0-8247-2513-1 | ||
| 999 | |c 9301 |d 9301 | ||